00450nam a22001697a 450000500170000001000150001702000260003203500130005803700130007108200080008424500470009225000110013926000330015027000460018330000270022970000240025620140811150932.0 aENG-110359 a9789350622520c395.00 aEN-93891 bDBAD/PUB a658 aManagement cases /cby Khawaja Amjad Saeed a2nd ed aNew DelhibExcel Booksc2013 aA-45, Naraina, Phase IbNew Delhie110028 axxiii,318p.c24cm(pbk) aKhawaja Amjad Saeed